000
00302nam a22001337a 4500
008
170706b xxu||||| |||| 00| 0 eng d
020
_a
9780743482769
041
_a
eng
080
_a
82
100
_a
22
101
_a
GJL
245
_a
FOLGER SHAKESPEARE LIBRARY
_c
SHAKESPEARE.W
942
_2
udc
_c
BK
999
_c
19995
_d
19995